| 000 | 00793nam a22002412 4500 | ||
|---|---|---|---|
| 001 | 0000024357 | ||
| 005 | 20151217154509.0 | ||
| 008 | 130909s xx 000 0 eng d | ||
| 020 | _a0071222154 : | ||
| 040 |
_aKABU _cKABU |
||
| 100 | 1 |
_aWidmaier, Eric P. _@0000181437 |
|
| 245 | 1 | 0 |
_aVander's human physiology : _bthe mechanisms of the body / _cEric P. Widmaier, Hershel Raff, Kevin T. Strang. |
| 250 | _a12th ed. | ||
| 260 |
_aNew York : _bMcGraw-Hill, _c2008. |
||
| 300 | _a1 v. (various paging) ; | ||
| 650 | 0 |
_aHuman physiology. _@0000155597 |
|
| 700 | 1 |
_aRaff, Hershel. _@0000181438 |
|
| 700 | 1 |
_aStrang, Kevin T. _@0000181439 |
|
| 700 | 1 |
_aVander, Arthur J. _@0000184371 |
|
| 852 | 1 | _9p3819 KES | |
| 908 | _a130909 | ||
| 950 | _@1 | ||
| 999 |
_c11531 _d11531 |
||